000 00739nam a2200253Ia 4500
003 OSt
005 20220925220834.0
006 a|||||r|||| 00| 0
007 ta
008 220923b |||||||| |||| 00| 0 eng d
037 _cGeneral Book
040 _aRTL
_cRTL
_beng
041 _2eng
_aeng
082 _aX:97.42.N8, M8
100 _aKoike Kazuo
_9285396
245 0 _aUnderstanding industrial relations in modern Japan
260 _aLondon
_bMacmillan Press
_c1988
300 _axviii,306p
_ccm.
490 _aStudies in the Modern Japanese Economy
500 _aBibliography P 296-301
650 _aIndustrial Relation
942 _hX:97.42.N8, M8
_cGB
_2CC
999 _c572639
_d572639